[Event "Oberliga Ost A 2018 2019"]
[Site "?"]
[Date "2018.12.15"]
[Round "4.1"]
[White "Moehn, Hans"]
[Black "Boehnisch, Manfred"]
[Result "1-0"]
[WhiteElo "2364"]
[BlackElo "2245"]
[PlyCount "57"]
[EventDate "2018.10.21"]
[EventType "team-tourn"]
[EventCountry "GER"]
[WhiteTeam "Dresden USV TU II"]
[BlackTeam "Leipzig SG II"]
[WhiteTeamCountry "GER"]
[BlackTeamCountry "GER"]

1. Nf3 d5 2. g3 c6 3. Bg2 Bf5 4. O-O e6 5. c4 dxc4 6. a4 Nf6 7. Na3 Bxa3 8.
Rxa3 Be4 9. b3 cxb3 10. d3 Bxf3 11. Bxf3 Nbd7 12. Rxb3 Qc7 13. d4 Rd8 14. Bf4
Qc8 15. Qb1 Nb6 16. a5 Nbd5 17. Rxb7 Nxf4 18. gxf4 O-O 19. Rxa7 Rxd4 20. e3 Rd7
21. Rxd7 Qxd7 22. Rd1 Qc8 23. Qd3 Nd5 24. Rb1 f5 25. a6 Rf7 26. Bxd5 exd5 27.
Qa3 Ra7 28. Qd6 Ra8 29. a7 1-0

[Event "Oberliga Ost A 2018 2019"]
[Site "?"]
[Date "2018.12.15"]
[Round "4.2"]
[White "Schunk, Thomas"]
[Black "Urban, Konstantin"]
[Result "0-1"]
[WhiteElo "2149"]
[BlackElo "2310"]
[PlyCount "92"]
[EventDate "2018.10.21"]
[EventType "team-tourn"]
[EventCountry "GER"]
[WhiteTeam "Leipzig SG II"]
[BlackTeam "Dresden USV TU II"]
[WhiteTeamCountry "GER"]
[BlackTeamCountry "GER"]

1. c4 Nf6 2. Nc3 g6 3. g3 Bg7 4. Bg2 O-O 5. d4 d6 6. Nf3 c5 7. O-O Nc6 8. dxc5
dxc5 9. Be3 Qa5 10. Qa4 Qxa4 11. Nxa4 b6 12. Rfd1 Bd7 13. Nc3 Rac8 14. h3 Rfd8
15. g4 Na5 16. g5 Ne8 17. Nd5 Kf8 18. b3 Bxa1 19. Rxa1 Bc6 20. Ne5 Ba8 21. Rc1
Nc6 22. Nd3 Nd4 23. Bxd4 cxd4 24. Rd1 b5 25. Ne5 bxc4 26. bxc4 f6 27. gxf6 exf6
28. Nd3 Rxc4 29. N5f4 Bxg2 30. Kxg2 Kf7 31. Rb1 Rd7 32. Kf3 Ng7 33. Rb5 g5 34.
Nd5 Ne6 35. Ra5 Nd8 36. N5b4 Nc6 37. Nxc6 Rxc6 38. h4 h6 39. hxg5 hxg5 40. Ra4
Rc2 41. a3 Kg6 42. Rb4 Rd5 43. Ke4 Ra5 44. Kxd4 Rxe2 45. a4 Ra2 46. Nb2 Ra6 0-1

[Event "Oberliga Ost A 2018 2019"]
[Site "?"]
[Date "2018.12.15"]
[Round "4.3"]
[White "Wegener, Dirk"]
[Black "Schultz, Andreas"]
[Result "0-1"]
[WhiteElo "2394"]
[BlackElo "2152"]
[PlyCount "96"]
[EventDate "2018.10.21"]
[EventType "team-tourn"]
[EventCountry "GER"]
[WhiteTeam "Dresden USV TU II"]
[BlackTeam "Leipzig SG II"]
[WhiteTeamCountry "GER"]
[BlackTeamCountry "GER"]

1. e4 e6 2. d4 d5 3. Nc3 Nf6 4. Bg5 Bb4 5. e5 h6 6. Be3 Ne4 7. Qg4 g6 8. a3
Bxc3+ 9. bxc3 c5 10. Bd3 Qa5 11. Ne2 cxd4 12. Bxd4 Nc5 13. O-O Nxd3 14. cxd3
Nc6 15. Qf4 Nxd4 16. Nxd4 Bd7 17. Rab1 b6 18. Rb3 Rc8 19. Ne2 Qa6 20. Qf6 Rg8
21. Nf4 g5 22. Nh5 Rg6 23. Qf3 Ba4 24. Nf6+ Ke7 25. Qg4 Qa5 26. Qb4+ Qxb4 27.
Rxb4 Bc2 28. d4 Bd3 29. Rc1 g4 30. g3 Rg5 31. h4 gxh3 32. Kh2 Rf5 33. f4 h5 34.
Kxh3 Rxf6 35. exf6+ Kxf6 36. a4 Kf5 37. a5 b5 38. Rb2 a6 39. Ra2 Be4 40. Rh2 b4
41. Rb2 bxc3 42. Rb7 Kf6 43. Rb6 c2 44. Rxa6 Rc4 45. g4 Rc3+ 46. Kh2 hxg4 47.
Kg1 g3 48. Rb6 Rd3 0-1

[Event "Oberliga Ost A 2018 2019"]
[Site "?"]
[Date "2018.12.15"]
[Round "4.4"]
[White "Gempe, Thomas"]
[Black "Wong, Gengchun"]
[Result "1-0"]
[WhiteElo "2170"]
[BlackElo "2156"]
[PlyCount "101"]
[EventDate "2018.10.21"]
[EventType "team-tourn"]
[EventCountry "GER"]
[WhiteTeam "Leipzig SG II"]
[BlackTeam "Dresden USV TU II"]
[WhiteTeamCountry "GER"]
[BlackTeamCountry "GER"]

1. d4 Nf6 2. c4 g6 3. Nc3 d5 4. e3 Bg7 5. Qb3 dxc4 6. Bxc4 O-O 7. Nf3 Nc6 8.
Be2 b6 9. O-O Be6 10. Qa4 Bd7 11. Rd1 Re8 12. Bb5 Nb8 13. Ne5 Bxb5 14. Qxb5 e6
15. Qe2 Nd5 16. Qf3 Qf6 17. Qg3 Qe7 18. e4 Nxc3 19. bxc3 Nd7 20. Nc4 c5 21. Nd6
Rf8 22. e5 f6 23. f4 Rfd8 24. Ba3 Bf8 25. dxc5 Nxc5 26. Bxc5 bxc5 27. Rab1 fxe5
28. fxe5 Bg7 29. Qe3 Qc7 30. Qe4 Rab8 31. Rxb8 Rxb8 32. Qc4 Qe7 33. Qxc5 Qg5
34. Nc4 Rf8 35. h3 Qh5 36. Qd4 Qf5 37. a4 h5 38. Kh1 Qc2 39. a5 Rf2 40. Ne3 Qa2
41. Qc4 Bxe5 42. Qe4 Bg7 43. Qxg6 Qxa5 44. Qxe6+ Kh8 45. Rd5 Qa1+ 46. Kh2 Bf6
47. Rxh5+ Kg7 48. Qg4+ Kf8 49. Qc8+ Kg7 50. Qh8+ Kf7 51. Rh7+ 1-0

[Event "Oberliga Ost A 2018 2019"]
[Site "?"]
[Date "2018.12.15"]
[Round "4.5"]
[White "Salzmann, Peter"]
[Black "Dietze, Frank"]
[Result "1/2-1/2"]
[WhiteElo "2169"]
[BlackElo "2089"]
[PlyCount "77"]
[EventDate "2018.10.21"]
[EventType "team-tourn"]
[EventCountry "GER"]
[WhiteTeam "Dresden USV TU II"]
[BlackTeam "Leipzig SG II"]
[WhiteTeamCountry "GER"]
[BlackTeamCountry "GER"]

1. c4 Nf6 2. Nc3 g6 3. g3 Bg7 4. Bg2 O-O 5. d3 d6 6. Bd2 c6 7. Qc1 Nbd7 8. Bh6
Bxh6 9. Qxh6 Qb6 10. Qd2 e5 11. Nh3 Re8 12. O-O Nc5 13. Ng5 Ne6 14. Nge4 Qd8
15. Nxf6+ Qxf6 16. b4 Rd8 17. Rab1 Bd7 18. f4 exf4 19. gxf4 Ng7 20. Ne4 Qe7 21.
Ng3 Be6 22. e4 f5 23. Qc3 Qf7 24. Rbe1 Rac8 25. Re2 d5 26. exf5 Bxf5 27. cxd5
cxd5 28. Qd4 Ne6 29. Qe5 Bxd3 30. Qxe6 Qxe6 31. Rxe6 Bxf1 32. Kxf1 Rc4 33. f5
gxf5 34. Re5 f4 35. Nh5 f3 36. Bxf3 Rf8 37. Ke2 Rxb4 38. Bxd5+ Kh8 39. Ke3
1/2-1/2

[Event "Oberliga Ost A 2018 2019"]
[Site "?"]
[Date "2018.12.15"]
[Round "4.6"]
[White "Roemling, Sven"]
[Black "Oehl, Tim"]
[Result "1-0"]
[WhiteElo "2140"]
[BlackElo "2143"]
[PlyCount "67"]
[EventDate "2018.10.21"]
[EventType "team-tourn"]
[EventCountry "GER"]
[WhiteTeam "Leipzig SG II"]
[BlackTeam "Dresden USV TU II"]
[WhiteTeamCountry "GER"]
[BlackTeamCountry "GER"]

1. d4 e6 2. Nf3 f5 3. g3 Nf6 4. Bg2 Be7 5. O-O O-O 6. c4 d6 7. Qc2 Nc6 8. Rd1
a5 9. Nc3 Qe8 10. e4 e5 11. exf5 Qh5 12. Bg5 h6 13. dxe5 dxe5 14. Bxf6 Bxf6 15.
Qb3 Qxf5 16. Rf1 Nd4 17. Nxd4 exd4 18. Nd5 a4 19. Qa3 c6 20. Nf4 Qg5 21. Rae1
Rd8 22. Nd3 Qa5 23. Re4 Bf5 24. Re2 Rab8 25. Rfe1 Qc7 26. Be4 Bxe4 27. Rxe4 b5
28. Qc5 Qf7 29. Re6 Qg6 30. Nf4 Qc2 31. Qh5 bxc4 32. Rxf6 Rxb2 33. Ne6 Rb1 34.
Qf7+ 1-0

[Event "Oberliga Ost A 2018 2019"]
[Site "?"]
[Date "2018.12.15"]
[Round "4.7"]
[White "Richter, Philipp"]
[Black "Fasshauer, Jacob"]
[Result "1/2-1/2"]
[WhiteElo "2015"]
[BlackElo "2062"]
[PlyCount "54"]
[EventDate "2018.10.21"]
[EventType "team-tourn"]
[EventCountry "GER"]
[WhiteTeam "Dresden USV TU II"]
[BlackTeam "Leipzig SG II"]
[WhiteTeamCountry "GER"]
[BlackTeamCountry "GER"]

1. d4 Nf6 2. c4 e6 3. Nc3 Bb4 4. Qc2 O-O 5. Nf3 c5 6. dxc5 Na6 7. g3 Nxc5 8.
Bg2 b6 9. O-O Bxc3 10. Qxc3 Bb7 11. b3 Qe7 12. Bb2 d6 13. Qd4 Rfd8 14. Qh4 e5
15. Rad1 Qe8 16. g4 a5 17. g5 Nfe4 18. Nd2 Nxd2 19. Rxd2 Bxg2 20. Kxg2 Ra7 21.
Rfd1 Rad7 22. Qg4 Qe7 23. h4 f6 24. gxf6 Qxf6 25. f3 Qf7 26. Ba3 h5 27. Qg3 Qf5
1/2-1/2

[Event "Oberliga Ost A 2018 2019"]
[Site "?"]
[Date "2018.12.15"]
[Round "4.8"]
[White "Gempe, Anet"]
[Black "Ledfuss, Guntram"]
[Result "1/2-1/2"]
[WhiteElo "1982"]
[BlackElo "2001"]
[PlyCount "37"]
[EventDate "2018.10.21"]
[EventType "team-tourn"]
[EventCountry "GER"]
[WhiteTeam "Leipzig SG II"]
[BlackTeam "Dresden USV TU II"]
[WhiteTeamCountry "GER"]
[BlackTeamCountry "GER"]

1. e4 e5 2. Nf3 Nc6 3. Bc4 Bc5 4. c3 Nf6 5. d3 d6 6. O-O a6 7. a4 Ba7 8. Na3
Bg4 9. Be3 O-O 10. Bxa7 Rxa7 11. Re1 Ne7 12. h3 Bh5 13. Re3 c6 14. Bb3 b5 15.
d4 Bxf3 16. Qxf3 Qb6 17. dxe5 dxe5 18. axb5 axb5 19. Rd1 1/2-1/2

[Event "Oberliga Ost A 2018 2019"]
[Site "?"]
[Date "2018.12.15"]
[Round "4.1"]
[White "Hoepfl, Thomas"]
[Black "Hollan, Martin"]
[Result "1/2-1/2"]
[WhiteElo "2292"]
[BlackElo "2374"]
[PlyCount "75"]
[EventDate "2018.10.21"]
[EventType "team-tourn"]
[EventCountry "GER"]
[WhiteTeam "Halle USV"]
[BlackTeam "Magdeburg SV Rochade"]
[WhiteTeamCountry "GER"]
[BlackTeamCountry "GER"]

1. e4 e5 2. Nf3 Nc6 3. Bb5 g6 4. c3 Bg7 5. O-O Nge7 6. d4 exd4 7. cxd4 a6 8.
Ba4 b5 9. Bb3 d6 10. h3 O-O 11. a4 b4 12. a5 d5 13. exd5 Nxd5 14. Bg5 Nf6 15.
Re1 Bf5 16. Be3 Nd5 17. Bg5 Qd7 18. Ba4 Qd6 19. Nbd2 Nxa5 20. Rc1 h6 21. Bh4
Qb6 22. Rc5 Nf4 23. Ne4 Bxe4 24. Rxe4 Ne6 25. Rxe6 fxe6 26. Qd3 Rf5 27. g4 Rxc5
28. dxc5 Qxc5 29. Qxg6 Qc1+ 30. Kg2 Qf4 31. Bd7 Nc4 32. Bxe6+ Kh8 33. Bxc4 Qxc4
34. Bf6 Bxf6 35. Qxh6+ Kg8 36. Qxf6 Rf8 37. Qg6+ Kh8 38. Qh6+ 1/2-1/2

[Event "Oberliga Ost A 2018 2019"]
[Site "?"]
[Date "2018.12.15"]
[Round "4.2"]
[White "Mueller, Dominik"]
[Black "Becker, Michael"]
[Result "1/2-1/2"]
[WhiteElo "2266"]
[BlackElo "2268"]
[PlyCount "63"]
[EventDate "2018.10.21"]
[EventType "team-tourn"]
[EventCountry "GER"]
[WhiteTeam "Magdeburg SV Rochade"]
[BlackTeam "Halle USV"]
[WhiteTeamCountry "GER"]
[BlackTeamCountry "GER"]

1. Nf3 c5 2. c4 Nc6 3. g3 g6 4. Bg2 Bg7 5. O-O d6 6. e3 e5 7. Nc3 Nge7 8. d4
cxd4 9. exd4 exd4 10. Nb5 O-O 11. Nfxd4 Nxd4 12. Nxd4 d5 13. c5 Nc6 14. Be3 Qf6
15. Nb5 d4 16. Bf4 Bf5 17. Nc7 Rac8 18. Nd5 Qd8 19. Re1 Re8 20. Qd2 Rxe1+ 21.
Rxe1 Qd7 22. Bg5 Re8 23. Rxe8+ Qxe8 24. Nf6+ Bxf6 25. Bxf6 Qe6 26. Bxc6 bxc6
27. Qxd4 Qe1+ 28. Kg2 Qe4+ 29. Qxe4 Bxe4+ 30. f3 Bd5 31. a3 Kf8 32. Kf2 1/2-1/2

[Event "Oberliga Ost A 2018 2019"]
[Site "?"]
[Date "2018.12.15"]
[Round "4.3"]
[White "Hartge, Gedeon"]
[Black "Kuchynka, Lukas"]
[Result "1/2-1/2"]
[WhiteElo "2198"]
[BlackElo "2286"]
[PlyCount "97"]
[EventDate "2018.10.21"]
[EventType "team-tourn"]
[EventCountry "GER"]
[WhiteTeam "Halle USV"]
[BlackTeam "Magdeburg SV Rochade"]
[WhiteTeamCountry "GER"]
[BlackTeamCountry "GER"]

1. d4 Nf6 2. c4 g6 3. f3 Bg7 4. e4 d6 5. Nc3 O-O 6. Nge2 c5 7. d5 e6 8. Ng3
exd5 9. cxd5 h5 10. Be2 Nh7 11. Be3 a6 12. a4 Nd7 13. O-O h4 14. Nh1 f5 15. Qd2
fxe4 16. Nxe4 Ne5 17. h3 Bf5 18. Nhf2 Nf7 19. Rac1 b5 20. b4 c4 21. Bd4 Ne5 22.
Qc3 g5 23. Ng4 Bxg4 24. fxg4 Nf6 25. Nxf6+ Rxf6 26. Kh1 Qe7 27. Rxf6 Qxf6 28.
Rf1 Qg6 29. Rf5 Rf8 30. Qc2 Nf7 31. Be3 Re8 32. Bc1 Kh7 33. Qd2 Re5 34. Bd1
Rxf5 35. gxf5 Qf6 36. axb5 axb5 37. Bc2 Kg8 38. Qe3 Qe5 39. Qxe5 Bxe5 40. Bd2
Kg7 41. Kg1 Bd4+ 42. Kf1 Kf6 43. Ke2 Nh6 44. Kf3 Nxf5 45. Be4 Bb6 46. Bc3+ Bd4
47. Bd2 Bb6 48. Bc3+ Bd4 49. Bd2 1/2-1/2

[Event "Oberliga Ost A 2018 2019"]
[Site "?"]
[Date "2018.12.15"]
[Round "4.4"]
[White "Bednar, Marcel"]
[Black "Puls, Thomas"]
[Result "1-0"]
[WhiteElo "2272"]
[BlackElo "2214"]
[PlyCount "63"]
[EventDate "2018.10.21"]
[EventType "team-tourn"]
[EventCountry "GER"]
[WhiteTeam "Magdeburg SV Rochade"]
[BlackTeam "Halle USV"]
[WhiteTeamCountry "GER"]
[BlackTeamCountry "GER"]

1. d4 f5 2. g3 Nf6 3. Bg2 g6 4. Nh3 Bg7 5. c3 d5 6. Nd2 O-O 7. Nf3 Nc6 8. Nf4
Ne4 9. Nd3 e6 10. h4 b6 11. Bf4 Bd7 12. Qc1 Bf6 13. Nfe5 Nxe5 14. Bxe5 Bb5 15.
Bxf6 Qxf6 16. Ne5 c5 17. a4 cxd4 18. cxd4 Rfc8 19. Qf4 Be8 20. Bxe4 dxe4 21.
O-O Rc2 22. Rfc1 Rac8 23. Rxc2 Rxc2 24. Rc1 Bxa4 25. Ra1 b5 26. b3 Qd8 27. Qe3
a5 28. bxa4 b4 29. Qb3 Qxd4 30. Qxe6+ Kg7 31. Qe7+ Kh6 32. Nf7+ 1-0

[Event "Oberliga Ost A 2018 2019"]
[Site "?"]
[Date "2018.12.15"]
[Round "4.5"]
[White "Schulte, Felix"]
[Black "Niering, Martin"]
[Result "0-1"]
[WhiteElo "2087"]
[BlackElo "2195"]
[PlyCount "54"]
[EventDate "2018.10.21"]
[EventType "team-tourn"]
[EventCountry "GER"]
[WhiteTeam "Halle USV"]
[BlackTeam "Magdeburg SV Rochade"]
[WhiteTeamCountry "GER"]
[BlackTeamCountry "GER"]

1. d4 g6 2. e4 Bg7 3. Nc3 d6 4. Be3 a6 5. Bc4 Nf6 6. f3 Nc6 7. a3 e5 8. Nge2
O-O 9. Qd2 b5 10. Ba2 exd4 11. Nxd4 Ne5 12. Bg5 Bb7 13. Nd5 c6 14. Nxf6+ Bxf6
15. Bxf6 Qxf6 16. c3 c5 17. Nc2 Qh4+ 18. Ke2 c4 19. Ne3 f5 20. Qxd6 Rae8 21.
exf5 Nxf3 22. gxf3 Bxf3+ 23. Kxf3 Qe4+ 24. Kf2 Qxe3+ 25. Kg2 Qe2+ 26. Kg1 Rxf5
27. Qg3 Ref8 0-1

[Event "Oberliga Ost A 2018 2019"]
[Site "?"]
[Date "2018.12.15"]
[Round "4.7"]
[White "Groebel, Aaron"]
[Black "Horvath, Julia"]
[Result "1-0"]
[WhiteElo "2062"]
[BlackElo "2105"]
[PlyCount "69"]
[EventDate "2018.10.21"]
[EventType "team-tourn"]
[EventCountry "GER"]
[WhiteTeam "Halle USV"]
[BlackTeam "Magdeburg SV Rochade"]
[WhiteTeamCountry "GER"]
[BlackTeamCountry "GER"]

1. e4 e5 2. Nf3 Nc6 3. Bc4 Nf6 4. d3 Be7 5. c3 O-O 6. O-O d6 7. Re1 Bg4 8. h3
Bh5 9. Nbd2 Na5 10. Bb5 a6 11. Ba4 b5 12. Bc2 c5 13. Nf1 Qc7 14. g4 Bg6 15. Ng3
Rfe8 16. Nh4 Rac8 17. g5 Nd7 18. Qg4 Bf8 19. Nf3 c4 20. h4 f6 21. h5 Bf7 22. g6
Be6 23. gxh7+ Kh8 24. Nf5 Nc5 25. dxc4 bxc4 26. N3h4 Qf7 27. Re3 Kxh7 28. Rg3
Rc7 29. Ng6 Nab7 30. h6 gxh6 31. Qh5 Bg7 32. Nxh6 Qd7 33. Nh4 Qd8 34. Nf7+ Kg8
35. Qh8+ 1-0

[Event "Oberliga Ost A 2018 2019"]
[Site "?"]
[Date "2018.12.15"]
[Round "4.8"]
[White "Pesztericz, Laszlo"]
[Black "Groeger, Stefan"]
[Result "1/2-1/2"]
[WhiteElo "1979"]
[BlackElo "2114"]
[PlyCount "59"]
[EventDate "2018.10.21"]
[EventType "team-tourn"]
[EventCountry "GER"]
[WhiteTeam "Magdeburg SV Rochade"]
[BlackTeam "Halle USV"]
[WhiteTeamCountry "GER"]
[BlackTeamCountry "GER"]

1. e4 e6 2. d4 d5 3. Nc3 Nf6 4. Bg5 dxe4 5. Nxe4 Be7 6. Bxf6 Bxf6 7. Nf3 Nd7 8.
c3 Be7 9. Bd3 Nf6 10. Nxf6+ Bxf6 11. Qe2 Bd7 12. Ne5 Qe7 13. O-O g6 14. Be4 c6
15. a4 O-O 16. g3 Rfc8 17. h4 Be8 18. b4 Rab8 19. a5 b6 20. axb6 axb6 21. Rfb1
c5 22. bxc5 bxc5 23. Rxb8 Rxb8 24. Bc6 Qd6 25. Bxe8 Rxe8 26. Qe4 cxd4 27. cxd4
Rd8 28. Ra8 Rxa8 29. Qxa8+ Kg7 30. Qe4 1/2-1/2

[Event "Oberliga Ost A 2018 2019"]
[Site "?"]
[Date "2018.12.15"]
[Round "4.1"]
[White "Mueller, Frank"]
[Black "Bures, Jaroslav"]
[Result "1/2-1/2"]
[WhiteElo "2261"]
[BlackElo "2388"]
[PlyCount "51"]
[EventDate "2018.10.21"]
[EventType "team-tourn"]
[EventCountry "GER"]
[WhiteTeam "Leipzig VfB Schach"]
[BlackTeam "Hoyerswerda FVS ASP"]
[WhiteTeamCountry "GER"]
[BlackTeamCountry "GER"]

1. d4 Nf6 2. Bf4 c5 3. e3 cxd4 4. exd4 e6 5. Nd2 b6 6. Ngf3 Bb7 7. Bd3 Be7 8.
O-O O-O 9. c3 d6 10. h3 Nbd7 11. Qe2 Re8 12. Rfe1 Bf8 13. Bh2 e5 14. dxe5 dxe5
15. Ne4 Nxe4 16. Bxe4 Bxe4 17. Qxe4 Nc5 18. Qg4 Nd3 19. Re2 Bc5 20. Nxe5 Nxf2
21. Rxf2 Bxf2+ 22. Kxf2 Qd2+ 23. Kg1 Rxe5 24. Bxe5 Qe3+ 25. Kh1 Qxe5 26. Rd1
1/2-1/2

[Event "Oberliga Ost A 2018 2019"]
[Site "?"]
[Date "2018.12.15"]
[Round "4.3"]
[White "Geiling, Christian"]
[Black "Orsag, Milan"]
[Result "1/2-1/2"]
[WhiteElo "2176"]
[BlackElo "2289"]
[PlyCount "104"]
[EventDate "2018.10.21"]
[EventType "team-tourn"]
[EventCountry "GER"]
[WhiteTeam "Leipzig VfB Schach"]
[BlackTeam "Hoyerswerda FVS ASP"]
[WhiteTeamCountry "GER"]
[BlackTeamCountry "GER"]

1. d4 Nf6 2. c4 g6 3. Nf3 Bg7 4. g3 O-O 5. Bg2 d6 6. O-O Nc6 7. Nc3 a6 8. d5
Na5 9. Nd2 c5 10. Qc2 Rb8 11. b3 b5 12. Bb2 e5 13. dxe6 fxe6 14. cxb5 axb5 15.
Nce4 Bb7 16. Rad1 Qe7 17. Nxf6+ Bxf6 18. Bxf6 Rxf6 19. Ne4 Bxe4 20. Qxe4 Qc7
21. Bh3 Kg7 22. Qd3 d5 23. e4 d4 24. b4 Nc4 25. bxc5 e5 26. Rc1 Ra8 27. Rb1
Qxc5 28. Bd7 Ra3 29. Rb3 Rxa2 30. Rxb5 Qc7 31. Bg4 h5 32. Be2 Rc6 33. Qb1 Ra7
34. Bxc4 Rxc4 35. f4 Rc2 36. Rb2 d3 37. fxe5 Qc5+ 38. Kh1 Rc7 39. Rb7 Qxe5 40.
Rxc7+ Qxc7 41. Qb4 Qd8 42. Qb3 Qd7 43. Qb4 Rc8 44. Qb2+ Kh7 45. Qb3 Rc7 46. Rd1
d2 47. Qb2 Qd3 48. Qxd2 Qf3+ 49. Kg1 Qxe4 50. Qg2 Qa4 51. Rf1 Rc2 52. Qf3 Qd4+
1/2-1/2

[Event "Oberliga Ost A 2018 2019"]
[Site "?"]
[Date "2018.12.15"]
[Round "4.4"]
[White "Hovsepyan, Vardan"]
[Black "Rohne, Lars"]
[Result "1-0"]
[WhiteElo "2264"]
[BlackElo "2151"]
[PlyCount "97"]
[EventDate "2018.10.21"]
[EventType "team-tourn"]
[EventCountry "GER"]
[WhiteTeam "Hoyerswerda FVS ASP"]
[BlackTeam "Leipzig VfB Schach"]
[WhiteTeamCountry "GER"]
[BlackTeamCountry "GER"]

1. e4 c5 2. Nf3 d6 3. d4 cxd4 4. Nxd4 Nf6 5. Nc3 a6 6. Bc4 e6 7. Bb3 b5 8. Bg5
Be7 9. Qf3 Qb6 10. O-O-O O-O 11. e5 dxe5 12. Bxf6 Bxf6 13. Nde2 Bb7 14. Qg3 a5
15. a4 b4 16. Nb5 Qc5 17. Rhe1 Bd5 18. Kb1 Nc6 19. Nc1 e4 20. Bxd5 exd5 21. Nb3
Qc4 22. Nd6 Be5 23. Nxc4 Bxg3 24. Rxd5 Bxf2 25. Rxe4 g6 26. Nbxa5 f5 27. Rf4
Nxa5 28. Nxa5 Bb6 29. Nc6 Rxa4 30. Rxb4 Ra6 31. Nd4 Re8 32. Nf3 Bc7 33. c3 Bd6
34. Rbd4 Bf8 35. Rd8 Re2 36. Rd2 Re7 37. Rb8 h6 38. Rdd8 Rf6 39. h4 Kg7 40. Kc2
Re2+ 41. Rd2 Re4 42. Rbd8 Be7 43. R8d7 Rf7 44. b4 g5 45. hxg5 hxg5 46. b5 g4
47. Nd4 f4 48. b6 Bc5 49. b7 1-0

[Event "Oberliga Ost A 2018 2019"]
[Site "?"]
[Date "2018.12.15"]
[Round "4.5"]
[White "Collini, Carsten"]
[Black "Kesik, Klaus Dieter"]
[Result "0-1"]
[WhiteElo "2131"]
[BlackElo "2187"]
[PlyCount "78"]
[EventDate "2018.10.21"]
[EventType "team-tourn"]
[EventCountry "GER"]
[WhiteTeam "Leipzig VfB Schach"]
[BlackTeam "Hoyerswerda FVS ASP"]
[WhiteTeamCountry "GER"]
[BlackTeamCountry "GER"]

1. e4 Nf6 2. e5 Nd5 3. Nf3 d6 4. Bc4 c6 5. d4 Bg4 6. Nc3 e6 7. Bd2 Nxc3 8. Bxc3
dxe5 9. dxe5 Qxd1+ 10. Rxd1 Nd7 11. Be2 Be7 12. b4 O-O-O 13. O-O Nb6 14. Rb1
Rd7 15. b5 c5 16. Ba5 Bf5 17. Bxb6 axb6 18. Rbc1 Kc7 19. c3 Ra8 20. Bc4 Ra3 21.
Ne1 g5 22. Bb3 h5 23. Nc2 Ra5 24. Ne3 Bd3 25. Rfd1 Bxb5 26. Rxd7+ Bxd7 27. Bd1
g4 28. h3 gxh3 29. Bxh5 hxg2 30. Bxf7 Rxa2 31. Nxg2 Bg5 32. Rd1 b5 33. f4 Bc6
34. fxg5 Rxg2+ 35. Kf1 Rxg5 36. Bxe6 Rxe5 37. Bg8 Re8 38. Bh7 Rh8 39. Bc2 Rh2
0-1

[Event "Oberliga Ost A 2018 2019"]
[Site "?"]
[Date "2018.12.15"]
[Round "4.6"]
[White "Jahnel, Guenther"]
[Black "Just, Wolfgang"]
[Result "1/2-1/2"]
[WhiteElo "2213"]
[BlackElo "2099"]
[PlyCount "88"]
[EventDate "2018.10.21"]
[EventType "team-tourn"]
[EventCountry "GER"]
[WhiteTeam "Hoyerswerda FVS ASP"]
[BlackTeam "Leipzig VfB Schach"]
[WhiteTeamCountry "GER"]
[BlackTeamCountry "GER"]

1. Nf3 e6 2. g3 f5 3. Bg2 Nf6 4. O-O d5 5. d3 Nc6 6. c3 Bc5 7. b4 Bd6 8. Nbd2
O-O 9. Qc2 f4 10. b5 Ne7 11. Nb3 e5 12. c4 c6 13. e4 fxe3 14. Bxe3 cxb5 15.
cxb5 Bd7 16. a4 a6 17. bxa6 Rxa6 18. a5 Rc6 19. Qb2 d4 20. Bd2 Ned5 21. Rfe1
Qc7 22. Rac1 Rxc1 23. Rxc1 Bc6 24. Ng5 Qe7 25. Re1 h6 26. Ne4 Nxe4 27. Bxe4 Qf7
28. Rf1 Bd7 29. Bg2 Bg4 30. f3 Bf5 31. Nc1 Ne3 32. Bxe3 dxe3 33. Kh1 Qc7 34. d4
Qxa5 35. Qb3+ Kh8 36. Qxe3 exd4 37. Qxd4 Qc5 38. Nb3 Qxd4 39. Nxd4 Bc5 40. Nxf5
Rxf5 41. Rb1 b6 42. f4 g6 43. Be4 Rf6 44. Kg2 Kg7 1/2-1/2

[Event "Oberliga Ost A 2018 2019"]
[Site "?"]
[Date "2018.12.15"]
[Round "4.7"]
[White "Mader, Joerg"]
[Black "Boehm, Robert"]
[Result "1/2-1/2"]
[WhiteElo "2081"]
[BlackElo "2159"]
[PlyCount "43"]
[EventDate "2018.10.21"]
[EventType "team-tourn"]
[EventCountry "GER"]
[WhiteTeam "Leipzig VfB Schach"]
[BlackTeam "Hoyerswerda FVS ASP"]
[WhiteTeamCountry "GER"]
[BlackTeamCountry "GER"]

1. d4 d5 2. c4 e6 3. Nf3 c6 4. Nc3 Nf6 5. Bg5 Nbd7 6. e3 Qa5 7. Nd2 Bb4 8. Qc1
O-O 9. a3 dxc4 10. Bxf6 Bxc3 11. Qxc3 Qxc3 12. bxc3 Nxf6 13. Nxc4 Rd8 14. g3
Nd5 15. Rc1 Nb6 16. Nb2 f6 17. c4 e5 18. c5 Nd5 19. dxe5 fxe5 20. Nc4 Re8 21.
Nd6 Re7 22. Bc4 1/2-1/2

[Event "Oberliga Ost A 2018 2019"]
[Site "?"]
[Date "2018.12.15"]
[Round "4.8"]
[White "Schuh, Ruediger"]
[Black "Mueller, Giso"]
[Result "1/2-1/2"]
[WhiteElo "2075"]
[BlackElo "2125"]
[PlyCount "40"]
[EventDate "2018.10.21"]
[EventType "team-tourn"]
[EventCountry "GER"]
[WhiteTeam "Hoyerswerda FVS ASP"]
[BlackTeam "Leipzig VfB Schach"]
[WhiteTeamCountry "GER"]
[BlackTeamCountry "GER"]

1. d4 Nf6 2. c4 c5 3. d5 e6 4. Nc3 exd5 5. cxd5 d6 6. e4 g6 7. h3 a6 8. a4 Bg7
9. Nf3 Nbd7 10. Bd3 Nh5 11. O-O Ne5 12. Nxe5 Bxe5 13. f4 Bd4+ 14. Kh2 Qh4 15.
Qf3 Nf6 16. f5 gxf5 17. exf5 Rg8 18. Ne4 Nxe4 19. Bxe4 Be5+ 20. Bf4 Bxf4+
1/2-1/2

[Event "Oberliga Ost A 2018 2019"]
[Site "?"]
[Date "2018.12.15"]
[Round "4.1"]
[White "Pallas, Sebastian"]
[Black "Sieber, Fiona"]
[Result "1-0"]
[WhiteElo "2292"]
[BlackElo "2262"]
[PlyCount "77"]
[EventDate "2018.10.21"]
[EventType "team-tourn"]
[EventCountry "GER"]
[WhiteTeam "Loeberitz SG"]
[BlackTeam "Magdeburg SG Aufbau Elbe"]
[WhiteTeamCountry "GER"]
[BlackTeamCountry "GER"]

1. e4 c5 2. Nf3 d6 3. d4 cxd4 4. Nxd4 Nf6 5. Nc3 Nc6 6. Bg5 e6 7. Qd2 a6 8.
O-O-O Bd7 9. f4 b5 10. Bxf6 gxf6 11. Kb1 Qb6 12. Nxc6 Bxc6 13. f5 b4 14. Ne2 e5
15. Ng3 Qc5 16. Nh5 Be7 17. Qh6 O-O-O 18. Nxf6 Bxf6 19. Qxf6 Bxe4 20. Bxa6+ Kb8
21. Qxf7 Qxc2+ 22. Ka1 Qc6 23. Rhe1 Bxg2 24. Qc4 Qxc4 25. Bxc4 Rhf8 26. Be6 Bc6
27. b3 Kb7 28. Rc1 Bd7 29. Re4 Bxe6 30. Rxb4+ Ka6 31. fxe6 Rc8 32. Rxc8 Rxc8
33. Rc4 Rd8 34. Rc7 d5 35. Rxh7 d4 36. e7 Re8 37. Rh6+ Kb5 38. Re6 Kb4 39. Kb2
1-0